000 00674nam a2200229Ia 4500
003 OSt
005 20220928103436.0
006 a|||||r|||| 00| 0
007 ta
008 220927b |||||||| |||| 00| 0 eng d
024 _a47698
037 _cTextual
040 _aSDCL
_cSDCL
_beng
041 _2eng
_aeng
082 _aQ6.3'L6, M3
100 _aFulbrook Mary
_9404049
245 0 _aPiety and politics
_breligion and the rise of absolutism in england,wurttemberg and prussia.
260 _aCambridge
_bCambridge University Press
_c1983
300 _a215p.
_ccm.
942 _hQ6.3'L6, M3
_cTEXL
_2CC
999 _c719804
_d719804